Click en cadena de respuestas - Estadísticas

Estadísticas generales
  • Esta prueba ha sido intentada 694 veces
  • La puntuación promedio es 18 de 30
Estadísticas de respuestas
Hint Respuesta % Correcto
cuyo gobierno posterior a la Primera Guerra Mundial adoptó el ... comunismo
93%
El segundo país más poblado del mundo es ... China
89%
que limita con ... Rusia
87%
que se basaba en la filosofía de ... Karl Marx
85%
que fue sede de los Juegos Olímpicos en ... 1936
78%
que forma parte del grupo de lenguas ... romances
76%
donde hablan ... español
72%
que es el año de nacimiento del ... papa Francisco
71%
que es de ... Argentina
67%
que también incluye el ... frances
67%
quien nació en ... Alemania
65%
que obtuvo la independencia moderna del ... Imperio Otomano
65%
que forma parte del grupo de lenguas ... urálicas
64%
que es la capital de ... Italia
62%
grupo que también incluye al ... finlandés
59%
que colonizó el ... Congo
58%
cuyo nombre moderno contiene la palabra ... democrática
57%
que también es una antigua ciudad donde se podía adorar a ... Zeus
57%
que es uno de los tres idiomas oficiales en ... Bélgica
56%
que limita con un país que habla ... húngaro
56%
que se refiere a un sistema de gobierno ideado en la antigua .... Grecia
55%
también conocido como ... Jupiter
54%
que limita con ... Eslovenia
53%
que perdió una guerra en el siglo XVIII contra los ... Estados Unidos
53%
que era su nombre en la antigua ... Roma
53%
cuyo primer líder fue ... Washington
51%
quien era líder de ... Gran Bretaña
46%
que fue planeada, en parte, por ... Churchill
38%
que es también un estado cuya capital es ... Olympia
34%
que defendió una campaña de la Primera Guerra Mundial en ... Gallipoli
26%
No se encontraron pruebas coincidentes
Distribución de puntuación
Porcentaje de gente con cada puntuación
Porcentaje por número respondido
Historial de tus puntuaciones
No has intentado esta prueba.